00274nam a2200109Ia 4500008004100000020001800041082001200059100001700071245004100088260001500129500002000144260604s9999 xx 000 0 und d a9789394701922 a330 FAA aJust faaland 0aThe Political Economy of Development bBloomsbury aEconomy, Polity